<O >Enciclopédia Brown e o caso das águias mortas (Registo nº 28951)
[ vista simples ]
| 000 -Etiqueta do registo | |
|---|---|
| Valores | 00612nam0a2200217 4500 |
| 090 ## - | |
| -- | 28951 |
| 100 ## - Dados gerais de processamento | |
| Dados gerais | 20080423d1975 a 0pory5003 ba |
| 101 ## - Língua de publicação | |
| -- | por |
| 102 ## - País de publicação | |
| -- | PT |
| 105 ## - | |
| -- | a z 001fy |
| 200 1# - Titulo e menção de responsabilidade | |
| Título próprio | <O >Enciclopédia Brown e o caso das águias mortas |
| Primeira menção de responsabilidade | Donald J. Sobol |
| Outras menções de responsabilidade | il. Leonard Shortall |
| 210 ## - Publicação | |
| Local de publicação | Mem Martins |
| Nome do editor | Europa América |
| Data de publicação | 1975 |
| 215 ## - Descrição física | |
| Paginação / Volumes | 120, [4] p. |
| Dimensões | 18 cm |
| 225 2# - Colecção | |
| Título próprio da colecção | <O >Enciclopédioa Brown |
| Indicação de volume | 12 |
| 675 ## - CDU | |
| Notação | 087.5 |
| Edição | BNL |
| Língua | por |
| 700 #1 - Autor principal (pessoa individual) | |
| Apelido | Sobol |
| Nome | Donald J. |
| 702 #1 - Autor secundário (pessoa individual) | |
| Apelido | Shortall |
| Nome | Leonard |
| -- | 440 |
| 930 ## - | |
| -- | BECRE |
| 990 ## - Elementos KOHA | |
| Tipo de documento | Livro |
| 995 ## - Localização e informação dos exemplares | |
| -- | 18 |
| Situação do levantamento | Estado | Biblioteca de origem | Biblioteca de empréstimo | Código de barras | Cota | Permissão de empréstimo | Tipo de documento |
|---|---|---|---|---|---|---|---|
| Completo | Biblioteca do Centro Escolar de Viana do Alentejo | Biblioteca do Centro Escolar de Viana do Alentejo | 1405BV | 087.5 SOB | Disponível | Livro |